000 00512nam a22001937a 4500
003 JO-AjAnu
005 20241022085649.0
008 241020b jo ||||| |||| 00| 0 ara d
020 _a5-066-67-9957-978
040 _cJO-AjAnu
041 _hENG
100 _aAli, Mohammad
_eAuthor
_966365
245 _aNew Islamic Patterns
_c / Mohammad Ali
260 _aJordan:
_bAuthor,
_c2017
300 _a191 : pages
650 _vIslamic Patters
700 _aJalal Yaghan
_eJoint Author
_966366
942 _2lcc
_cBK
_n0
999 _c33789
_d33789